Modeling dynamic transportation networks : an intelligent transportation system oriented approach

Αποθηκεύτηκε σε:
Λεπτομέρειες βιβλιογραφικής εγγραφής
Κύριος συγγραφέας: Ran, Bin 1967-
Άλλοι συγγραφείς: Boyce, David E.
Μορφή: Βιβλίο
Γλώσσα:English
Δημοσίευση: Berlin : Springer, c1996
Έκδοση:2nd rev. ed.
Θέματα:
Ετικέτες: Προσθήκη ετικέτας
Δεν υπάρχουν, Καταχωρήστε ετικέτα πρώτοι!

MARC

LEADER 00000nam a2200000 i 4500
001 1/95171
008 991206s1996 eng d
020 |a 3-540-61139-8 
035 |l 10055183 
040 |a GR-MY-UA  |b gre  |e aacr 
041 0 |a eng 
082 0 |a 388.068 
100 1 |a Ran, Bin  |d 1967- 
245 1 0 |a Modeling dynamic transportation networks :  |b an intelligent transportation system oriented approach /  |c Bin Ran, David Boyce 
250 |a 2nd rev. ed. 
260 |a Berlin :   |b Springer,   |c c1996 
300 |a xix, 356 p. 
504 |a Includes bibliographical references and indexes 
650 0 0 |a Transportation  |x Planning  |z Europe  |x Congresses. 
650 0 0 |a Mathematical models. 
650 0 0 |a Network analysis (Planning) 
700 1 |a Boyce, David E. 
852 |a INST  |b CHIOS  |e 19991206  |h 388.068 RAN  |p 005200019294  |q 005200019294  |t BK  |y 0 
901 |a BIBL2-1999-3 
909 |a Χ  |b 070666 
922 |a 2ΕΛΗ  |b 199911  |c ΤΝΕΥ  |d ΠΑΠΑΣΩΤΗΡΙΟΥ 
950 |a 125-1999-07-15 
970 |a ΣΠΕΝΤΖΑ  |b ΕΛΕΝΗ  |z 1999/12/14